Le più grandi città della Svizzera • A-Z - Statistics

Statistiche generali
  • Questo quiz è stato fatto 172 volte
  • Il punteggio medio è 7 su 23
Statistiche sulle risposte
# Population Citta % Corretto
Z 409.120 Zurigo
96%
G 200.485 Ginevra
90%
B 171.433 Basilea
83%
L 138.861 Losanna
76%
S 75.508 San Gallo
55%
F 38.513 Friburgo
47%
A 21.268 Aarau
43%
N 33.565 Neuchâtel
43%
W 110.871 Winterthur
39%
T 43.738 Thun
28%
C 35.031 Chur
22%
M 26.572 Montreux
16%
Y 30.140 Yverdon-les-Bains
12%
D 28.137 Dübendorf
11%
E 30.680 Emmen
11%
U 34.506 Uster
11%
K 41.490 Köniz
9%
V 35.115 Vernier
6%
P 18.159 Pully
5%
R 26.980 Rapperswil-Jona
5%
H 20.321 Horgen
4%
I 16.969 Illnau-Effretikon
4%
O 19.973 Opfikon
4%
Nessun quiz corrispondente trovato
Distribuzione punteggi
Percentuale di utenti per punteggio
Percentile per numero di risposta
I tuoi punteggi nel tempo
Non hai fatto questo quiz